000 00194 a2200097 4500
020 _a9781904301783
041 _aeng
100 _aRosita Boland
245 _aA Secret map of Ireland
942 _cBK
999 _c27694
_d27694